000 00856nam a2200229Ia 4500
001 7678
003 GE_BSU
008 181216s||||||||xx |||||||||||||| ||und||
040 _cGE_BSU
245 _aკარიბჭე №18(234).29 აგვისტო-11 სექტემბერი 2013.
245 _bმართლმადიდებლური ჟურნალი.
245 _cმთ. რედ. თ. მამაცაშვილი
260 _aთბილისი.
260 _bკარიბჭე
260 _c2013.29 აგვისტო-11 სექტემბერი.
300 _a78გვ;28სმ.
520 _aგამოდის ყოველ მეორე ხუთშაბათს.
653 _a
653 _aკარიბჭე
653 _aპერიოდიკა
942 _cCR
999 _c41029
_d41029